[Event "Zalaegerszeg"]
[Site "Zalaegerszeg"]
[Date "2004.04.28"]
[Round "5"]
[White "Pavasovic, Dusko"]
[Black "Berkes, Ferenc"]
[Result "0-1"]
[WhiteElo "2591"]
[BlackElo "2613"]
[Annotator "Erenburg,S"]
[PlyCount "98"]
[EventDate "2004.04.24"]
[EventType "tourn"]
[EventRounds "9"]
[EventCountry "HUN"]
[EventCategory "13"]
[SourceTitle "CBM 101"]
[Source "ChessBase"]
[SourceDate "2004.07.27"]
[SourceVersion "1"]
[SourceVersionDate "2004.07.27"]
[SourceQuality "1"]

1. e4 d6 2. d4 Nf6 3. Nc3 g6 4. g3 Bg7 5. Bg2 O-O 6. Nge2 e5 {Black has the
following possibilities:} (6... c5 7. dxc5 dxc5 8. Qxd8 Rxd8 9. Be3 Na6 10. h3
Ne8 11. Nd5 Kf8 12. O-O-O Bd7 13. Bg5 f6 14. Bd2 Bc6 15. Nef4 Kf7 16. Rhe1 e6
17. Nc3 Nd6 $10 {Abdelnabi,I-Speelman,J,Luzern tt 1989-CBM 16}) (6... Nbd7 {
1/2-1/2 Gurevich,D-Gulko,B/Buenos Aires 2003/CBM 97_01/[Erenburg] (63)}) (6...
Na6 $5 {[%cal Yc7c5] 0-1 Pavasovic,D-Azmaiparashvili,Z/Istanbul 2003/CBM96_01/
[Erenburg] (51)}) (6... c6 {1-0 Bologan,V-Narciso Dublan,M/Pamplona 2002/CBM
87/[Gofshtein,L] (80)}) 7. h3 {White tried also} (7. O-O {1-0 Vokarev,S-Avrukh,
B/Moscow 2002/CBM 88/[Gofshtein,L] (38)}) 7... c6 {preparing to get some space
on the queenside with b7-b5.} (7... Nc6 8. Be3 exd4 (8... Bd7 {1-0 Pavasovic,
D-Volokitin,A/Ljubljana 2002/CBM 88/[Gofshtein,L] (46)}) 9. Nxd4 Bd7 {1/2-1/2
Jakovenko,D-Lugovoi,A/Ekaterinburg 2002/CBM 90/[Avrukh,B] (36)}) 8. Be3 {
Usually white doesn't allow black to carry out b7-b5:} (8. a4 {1/2-1/2
Ivanchuk,V-Gagunashvili,M/Istanbul 2003/CBM 96/[Erenburg] (41)}) 8... b5 {
Other continuations are:} (8... Be6 9. d5 cxd5 10. exd5 Bd7 11. O-O Na6 12. a4
Qa5 13. Qd2 Qb4 14. Nc1 Qc4 15. Nb3 Nb4 16. Rfc1 Bf5 17. Bf1 $14 {0-1
Pavasovic,D-Bosboom Lanchava,T/GMC, Wijk aan Zee NED 2004 (45)}) (8... Nbd7 9.
a4 Re8 10. O-O exd4 11. Bxd4 Nf8 12. Be3 Ne6 13. g4 h5 14. g5 Nh7 15. h4 f6 16.
f4 fxg5 17. hxg5 $14 {1-0 Sveshnikov,E-Tseshkovsky,V/Sochi 1976/MCD (39)}) 9.
dxe5 {Other attempts to get an advantage are:} (9. O-O {0-1 Popovic,P-Chernin,
A/Subotica 1987/CBM 03/[Blatny,P] (62)}) (9. a3 Bb7 10. O-O Nbd7 11. f4 Nb6 12.
dxe5 dxe5 13. b3 exf4 14. gxf4 Qc7 15. Qe1 Rfe8 16. Qf2 $14 {1-0 Oratovsky,
M-Saldano,H/Albacete 2001/EXT 2002 (34)}) 9... dxe5 10. Qxd8 (10. Bc5 Qxd1+ 11.
Rxd1 Re8 12. Nc1 a5 13. Nd3 Na6 14. Be3 Nb4 15. Rd2 Nd7 16. O-O Nf8 17. Nc5 $14
{1/2-1/2 Makarichev,S-Torre,E/Saint John 1988/CBM 06 (25)}) 10... Rxd8 11. Nc1
a5 $146 {New move. In the preceding game black continued} (11... Nbd7 12. Nd3
a5 13. O-O-O Re8 14. Rd2 Bf8 15. Rhd1 Ba6 16. g4 h6 17. f3 c5 18. Nf2 Nb6 19.
Bf1 $16 {1-0 Geller,E-Belov,I/Moscow 1989/CBM 14 (40)}) 12. a4 $6 {White
attacks black's pawn construction in order to get a light squares, like c4 and
d3. The problem is that white didn't complete the development yet, so black
have some time to develop an initiative...} (12. Nd3 Nfd7 13. O-O-O {and white
has chances to get an advantage.}) 12... b4 13. Nb1 Be6 {taking control over
c4 and b3 squares, and, at the same time, liberating the c8 square for the
rook.} 14. Nd2 c5 $1 15. Nd3 (15. Bxc5 $6 Rc8 $36) 15... Nfd7 16. Bxc5 $6 {
I'm not sure white needs to allow black's rook to invade into the 2-nd rank...}
(16. b3 $5 {comes to consideration.}) 16... Rc8 17. Be3 Rxc2 18. Ke2 Na6 {
leaving the "c" file for the rooks.} 19. Rhc1 b3 $1 ({Worse is} 19... Rac8 $6
20. Rxc2 Rxc2 21. Kd1 $11) 20. Kd1 ({White doesn't equalize after} 20. Rxc2
bxc2 21. Rc1 Rc8 $15) 20... Rac8 21. Bf1 $6 {White had more chances after one
of the following moves:} (21. Ra3 Bf8 22. Rxb3 Rxc1+ 23. Nxc1 Bb4 $15) (21. Ne1
Rxc1+ 22. Rxc1 Rxc1+ 23. Kxc1 Nac5 24. Bf1 Nxa4 25. Bc4 Bxc4 26. Nxc4 f5 27.
Nxa5 f4 28. Ba7 fxg3 29. fxg3 Bh6+ 30. Kd1 (30. Kb1 Bd2 $19) 30... Nxb2+ 31.
Ke2 Nf6 $15) 21... Nac5 $1 22. Nxc5 (22. Rxc2 bxc2+ 23. Kc1 Bxh3 $1 24. Nxc5
Nxc5 25. Bxc5 Bxf1 26. Bb6 Bh6 27. Bxa5 Bd3 28. Bc3 f5 $1 29. exf5 $140 Rf8 $1
$17) 22... Nxc5 23. Bxc5 $2 {This mistake is very serious one... His position
becomes very tough...} ({Stronger is} 23. Rxc2 bxc2+ 24. Kc1 Bxh3 (24... Nb3+
25. Nxb3 Bxb3 26. Ra3) (24... f5 25. Ra3) 25. Bxc5 Bxf1 {-22.Rxc2 LINE}) 23...
R8xc5 $17 24. Bd3 (24. Rxc2 bxc2+ 25. Kc1 Bh6 $19) {[%tqu "En","Please find
the best move for black.","","","c2d2","",10]} 24... Rxd2+ $1 25. Kxd2 Bh6+ 26.
f4 Rxc1 27. Rxc1 $2 {Decisive mistake.} ({More resistant was} 27. Kxc1 exf4 (
27... Bxh3 28. Kd2 exf4 29. gxf4 Bxf4+ 30. Kc3 $13) 28. g4 f3+ 29. Kd1 Kg7 $1
$17 {[%cal Yg7f6,Yf6e5] and white rook out of the game.}) 27... exf4 28. Rg1
fxg3+ 29. Ke2 Bf4 $19 {Black has two pawns for an exchange. His pair of
bishops are extremely active, which control almost all the board. Also, he has
two very strong pawns g3 and b3, that promise black technically winning
endgame. Black's plan is very simple: he will activate his king and will
capture white's pawns.} 30. Kf3 Be5 31. Kg2 Bxb2 32. Kxg3 Be5+ 33. Kg2 b2 34.
Bc2 Kg7 {Now it is the time for black's monarch to join the game.} 35. Rd1 Kf6
36. Bb1 Bb3 37. Rd3 Be6 38. Rd2 Kg5 39. Rc2 Kh4 40. Rc5 Bxh3+ 41. Kh1 f6 42.
Rxa5 Kg3 {threatening with the mate in two moves.} 43. Rd5 Bg2+ 44. Kg1 h5 {
Now it's clear, that white has nothing to do against black's pawn h5 move
forward.} 45. a5 h4 46. a6 h3 47. Rd3+ Bf3 48. Rxf3+ Kxf3 49. Kh1 (49. a7 Bd4+
$19) 49... Bb8 0-1

[Event "Kramatorsk"]
[Site "Kramatorsk"]
[Date "2003.07.30"]
[Round "3"]
[White "Areshchenko, Alexander"]
[Black "Lagno, Kateryna"]
[Result "1-0"]
[WhiteElo "2542"]
[BlackElo "2439"]
[Annotator "Erenburg,S"]
[PlyCount "97"]
[EventDate "2003.07.29"]
[EventType "tourn"]
[EventRounds "14"]
[EventCountry "UKR"]
[EventCategory "10"]
[SourceTitle "CBM 097"]
[Source "ChessBase"]
[SourceDate "2003.11.11"]
[SourceVersion "1"]
[SourceVersionDate "2003.11.11"]
[SourceQuality "1"]

1. e4 d6 2. d4 Nf6 3. Bd3 e5 4. c3 Nbd7 {There are other theoretical
possibilities:} (4... d5) (4... Be7) (4... Nc6) 5. Nf3 g6 (5... Be7) 6. O-O Bg7
7. h3 {White tried also the following continuations:} (7. Nbd2 {1/2-1/2 Alonso,
S-Dolezal,C/Buenos Aires 1998/CBM 65/[Yudasin,L] (80)}) (7. Qc2 {1-0 Vunder,
A-Vladimirov,B/St Petersburg 1997/CBM 58/[Mowsziszian] (26)}) (7. Bg5 h6 8. Bh4
O-O 9. Nbd2 b6 10. a4 a6 11. Qc2 Bb7 12. dxe5 Nxe5 13. Nxe5 dxe5 14. Nc4 Qe7
15. b4 {1/2-1/2 Fedorov,A-Svidler,P/Polanica Zdroj 2000/CBM 79 (15)}) 7... O-O
8. dxe5 {White hopes to get advantage, taking on e5, thanks to his better
dark-squared bishop in comparison to black's one. But, from my point of view,
black has good chances to equalize.} (8. Re1 b6 9. Nbd2 Bb7 10. Nf1 h6 11. Bd2
$6 (11. Ng3) 11... Re8 12. Ne3 $2 Nh7 $2 (12... exd4 $17) 13. d5 c6 14. c4 $14
{1/2-1/2 Hoffman,A-Ehlvest,J/Villa Martelli 1997/CBM 60 (78)}) (8. Nbd2 b6 9.
a4 a6 10. b4 Bb7 11. dxe5 Nxe5 12. Nxe5 dxe5 13. Qe2 Nh5 14. Nf3 Nf4 15. Bxf4
exf4 $11 {1/2-1/2 Anastasian,A-Bologan,V/Budapest 1996/CBM 56 (35)}) (8. Be3
Re8 9. Nbd2 d5 10. dxe5 Nxe4 11. Nxe4 dxe4 12. Bg5 (12. Bxe4 $142) 12... f6 13.
exf6 Bxf6 14. Bxf6 Qxf6 15. Re1 Nc5 16. Bc4+ Be6 $11 {1-0 Chernin,A-Tal,M/
Saint John 1988/EXT 97 (67)}) 8... dxe5 9. Be3 Qe7 10. Nbd2 b6 $146 {intending
to fianchette his light-squared bishop.} ({In my opinion, better is immediate} 
10... Nc5 11. Bc2 Rd8 12. Qb1 Nh5 13. Nb3 Ne6 14. Rd1 Bd7 $11 {1-0 Ilievski,
D-Planinec,A/Skopje 1971/EXT 2001 (49)}) 11. b4 {covering the c5 square.} Bb7
12. Qb3 (12. Qc2 $5) 12... h6 13. Rfe1 Rfd8 14. Qc2 Ne8 {transfering the
knight to d6.} (14... a5 $5) 15. Nc4 Nd6 16. Nfd2 Nxc4 17. Bxc4 Nf8 18. a4 h5
$2 {For some reason black allows white to realize his idea on the queenside 
(a4-a5). Better was to prevent it from white:} (18... a5) 19. a5 $16 {White
has a space advantage, his dark-squared bishop is better, than the black's one.
Also black has some problems on the queenside, which are results of his
inaccuracy on the 18-th move.} Rab8 $6 {allowing white to invade to the 7-th
rank with the rook.} ({Better is} 19... Ne6) 20. axb6 axb6 21. Ra7 $1 $16 {
The white rook on a7 disturbs black very much.} Bf6 {preparing at the some
moment to trade dark-squared bishops.} ({Again better is} 21... Ne6) 22. Qb3
Rd7 23. Qa2 Kg7 24. Bb5 Rdd8 25. Qb3 {White dominates the board, so he can
allow himself to start with manouevres.} Bg5 26. Bxg5 $2 {After this move
black succeeds to transfer his queen to active position, that will help him to
develop the counterplay on the kingside.} (26. Nf3 $142) 26... Qxg5 27. Nf3 Qf4
28. Qc2 $2 {defending the e4 pawn. Better was make it from the c4 square.} (28.
Qc4 $1) 28... g5 $1 {Now black tries to get counterplay on the kingside,
pushing forward his "g" pawn.} 29. Re3 Ng6 {covering the h4 square.} (29... g4
{is bad, in view of} 30. hxg4 hxg4 31. Nh4 {[%cal Yh4f5]}) 30. Nd2 g4 $132 31.
hxg4 ({White cannot play} 31. Nf1 {, due to} gxh3) 31... hxg4 32. Nf1 {[%cal
Yf1g3] transfering the knight to good position.} Rh8 33. Ng3 Kf6 $1 ({In case
of} 33... Ne7 {, covering the f5 square.} {White can reply} 34. Bd7 $1 Rh4 35.
Re1 $16 {and black's attack on the white monarch isn't dangerous, as black
knight cannot take part in it.}) (33... Kf8 34. Qa2 $1 $16 {[%cal Ya2f7,Ga7b7]}
) 34. Qe2 $2 (34. Be2 $142) 34... Rh4 $2 {missing a winning continuation.} (
34... Qh6 $1 35. Qxg4 Nf4 $1 36. Qf5+ Kg7 37. Qxe5+ Kf8 $19) 35. Qc4 $1 {
[%cal Ga7b7]} c5 36. Qd3 Rhh8 37. Bd7 {taking aim on g4 pawn.} Qh6 (37... Kg5
38. Qd6 Qf6 39. Nf5 $16) 38. Qd6+ Kg5 39. Kf1 {Profilactic move, but probably
better was} (39. Bxg4 $142 Qh2+ (39... Kxg4 40. Qd7+ $18) 40. Kf1 Rbd8 41. Bd7
$18 {[%cal Ge3f3]}) 39... cxb4 40. cxb4 Ra8 $2 {allows white to get a decisive
advantage.} ({Much better was} 40... Qf8 41. Qd1 $1 Rh4 $1 (41... Qxb4 42.
Qxg4+ Kf6 43. Rf3+ Kg7 44. Rxf7+ Kxf7 45. Qe6+ {[%csl Ge6,Gg3] with following
mate.}) (41... Kf6 42. Rc3 $1 $16 {[%cal Gc3c7]}) 42. Kg1 $16 (42. Qc1 Nf4 43.
Qc7 Qh8 $13)) 41. Rea3 b5 {loses immediately.} ({More resistant is} 41... Rxa7
42. Rxa7 Ba8 (42... Ra8 43. Rxa8 Bxa8 44. Be8 $18 {[%cal Ye8f7,Gd6d8]}) 43. Bc6
$1 Bxc6 44. Rxf7 $18 {[%cal Gd6f6]}) (41... Rab8 42. Qc7 Ba8 43. Bxg4 $1 $18
Kxg4 $140 44. Qd7+) 42. Rxa8 Bxa8 (42... Rxa8 43. Rxa8 Bxa8 44. Be8 $1 $18 {
[%cal Ge8f7,Yd6d8]}) 43. Ra6 $1 {[%cal Gd6f6]} Qg7 44. Qd1 $1 {[%cal Gd1g4]}
Rh4 45. Rxa8 {White is a piece up, without any compensation for black, so the
rest is a matter of an easy technique.} Qh6 46. Kg1 Nf4 47. Rg8+ Kf6 48. Bxg4
Ng6 49. Qd8+ {with following mate on d6.} 1-0

[Event "RUS-chT 11th"]
[Site "Sochi"]
[Date "2004.04.23"]
[Round "4.2"]
[White "Geller, Jakov"]
[Black "Akopian, Vladimir Eduardovic"]
[Result "1/2-1/2"]
[WhiteElo "2489"]
[BlackElo "2689"]
[Annotator "Erenburg,S"]
[PlyCount "83"]
[EventDate "2004.04.20"]
[EventType "team-tourn"]
[EventRounds "9"]
[EventCountry "RUS"]
[SourceTitle "EXT 2020"]
[Source "ChessBase"]
[SourceDate "2019.10.17"]
[SourceVersion "1"]
[SourceVersionDate "2019.10.17"]
[SourceQuality "1"]
[WhiteTeam "Togliatti Lada"]
[BlackTeam "Tomsk 400"]
[WhiteTeamCountry "RUS"]
[BlackTeamCountry "RUS"]

1. e4 g6 2. d4 Bg7 3. Nc3 d6 4. Be3 c6 5. Qd2 b5 6. Bd3 Nd7 7. Nf3 Qc7 {
preparing to develop the kingside knight to f6, as this move prevents from
white an option of the breakthrough e4-e5.} (7... Nb6 {1-0 De la Riva Aguado,
O-Conquest,S/Pamplona 2001/CBM 87/[Gofshtein,L] (40)}) (7... a6 {1-0 Gallagher,
J-Irzhanov,R/Luzern 1997/CBM 62/[Yudasin,L] (39)}) 8. O-O {White tried also} (
8. a4 {1/2-1/2 Al Marri,O-Dzhumaev,M/Doha 2003/CBM 94/[Avrukh,B] (28)}) 8...
Ngf6 9. h3 {covering the g4 square. White has another option:} (9. Bh6 {
0-1 Laveryd,P-Gavrikov,V/Katrineholm 1999/CBM 71/[Kaspi,A] (42)}) 9... O-O 10.
Ne2 {It is typical maneouvre to transfer the knight to g3. Afterware, white
will be able to attack black's pawn construction on the queenside with a2-a4
and c2-c4.} (10. Bh6 Bb7 11. Bxg7 Kxg7 12. Rfe1 e5 13. dxe5 dxe5 14. Ne2 a6 15.
Ng3 c5 $11 {0-1 Golubovic,B-Tkachiev,V/Pula 1999/EXT 2000 (40)}) 10... c5 $1
11. c3 e5 12. Ng3 a6 13. a4 exd4 $146 {The idea of this novelty is to get the
e5 square, in case white will play d4-d5. In the previous game black continued}
(13... Rb8 14. d5 c4 15. Bc2 Nc5 16. Ra3 bxa4 17. Bxc5 Qxc5 18. Bxa4 $14 {
1-0 Olafsson,H-Lehtinen,H/Aarhus 2003/CBM 98 no vc (36)}) (13... Bb7 $6 14. d5
$1 {[%csl Yd5,Rd7,Ye4,Re5]}) 14. cxd4 Bb7 15. Bh6 {eliminating the
dark-squared bishop, which could be very useful for black along the big
diagonal a1-h8.} bxa4 16. Rxa4 ({Deserved attention} 16. Bxg7 Kxg7 17. d5 Nb6
18. Nf5+ Kh8 19. Qc3 Qd8 20. Ne3 $14) 16... Qc6 17. Ra3 (17. Rfa1 $5 {comes to
consideration.}) 17... d5 $1 {Black's pawn structure is worse, so he tries to
change his weak pawns.} 18. Bxg7 Kxg7 19. e5 (19. Re1 {doesn't promise white
anything:} dxe4 20. Nxe4 cxd4 21. Nxd4 Qb6 $11) 19... Ne4 20. Bxe4 (20. Qe3 {
doesn't look attractive:} Nxg3 21. fxg3 Rae8 $11) 20... dxe4 21. Ng5 Rad8 ({
Worse is} 21... cxd4 22. Qxd4 e3 23. e6+ $16) 22. N5xe4 cxd4 23. Qxd4 Qd5 $1 {
White is a pawn up, but black's chances to get a draw are quite good, thanks
to active light-squared bishop and due to not a big amount of pawns on the
board.} ({Dubious is} 23... f6 24. Qd6 $1 fxe5 25. Qxc6 (25. Rd1 $16) 25...
Bxc6 26. Ng5 Rf6 27. Rxa6 h6 28. Rc1 $1 $16) 24. Qxd5 Bxd5 25. f4 Rb8 $1 ({
Very bad is} 25... f6 $2 26. Rd1 Bxe4 27. Nxe4 fxe5 28. Rad3 $18) 26. Rd1 $1
Bxe4 27. Nxe4 Rb4 $1 {Very strong move, which attacks white's pieces on the
4-th rank, and, at the same time, liberates the b8 square for the knight.} 28.
Rxd7 $6 {Probably white should leave the knights on the board:} (28. Nf2 Nb8 $1
) (28. Re3 $1 $16 {and white's chances are quite good.}) 28... Rxe4 29. Rxa6
Rxf4 30. Raa7 ({White doesn't succeed to win after} 30. e6 Rb8 (30... Re8 $16)
31. Raa7 Rxb2 32. Rxf7+ Rxf7 33. Rxf7+ Kg8 $11 {-see the game.}) 30... Re8 31.
Re7 ({White has a bit more chances, than in the game after} 31. g3 Rf5 32. g4
Rf4 33. Re7 Rxe7 34. Rxe7 Rb4 (34... Re4 35. e6) 35. e6 Rxb2 36. Rxf7+ $14 {
but with an exact game, black is supposed to get a draw.}) 31... Rxe7 32. Rxe7
Rb4 $1 (32... Re4 33. e6 $1 Kf6 34. Rxf7+ Kxe6 35. Rb7 $16) 33. e6 Rxb2 34.
Rxf7+ Kg8 $11 {Black achieves a draw easily, as white's e6 pawn is too weak.}
35. Kf1 Rb5 36. Kf2 Re5 37. Re7 h5 {preparing Kf8.} 38. Re8+ Kg7 39. Kf3 Kf6
40. Rf8+ Kxe6 41. Kf4 g5+ 42. Kf3 1/2-1/2

[Event "Olympiad-36"]
[Site "Mallorca"]
[Date "2004.10.22"]
[Round "7"]
[White "Quesada Perez, Yuniesky"]
[Black "Gagunashvili, Merab"]
[Result "1-0"]
[WhiteElo "2513"]
[BlackElo "2567"]
[Annotator "Erenburg,S"]
[PlyCount "77"]
[EventDate "2004.10.15"]
[EventType "team-swiss"]
[EventRounds "14"]
[EventCountry "ESP"]
[SourceTitle "CBM 104"]
[Source "ChessBase"]
[SourceDate "2005.01.27"]
[SourceVersion "1"]
[SourceVersionDate "2005.01.27"]
[SourceQuality "1"]
[WhiteTeam "Cuba"]
[BlackTeam "Georgia"]
[WhiteTeamCountry "CUB"]
[BlackTeamCountry "GEO"]

1. e4 d6 2. d4 Nf6 3. Nc3 g6 4. Be3 c6 5. Qd2 Nbd7 6. Nf3 Bg7 7. h3 {covering
the g4 square. Another logical possibility is} (7. Bh6 {1-0 Ni Hua-Zhou Weiqi/
Yongchuan 2003/CBM 97_01/[Erenburg] (36)}) 7... Qc7 {In this way black
prevents from white the breaktrough e4-e5 in the future. Black tried also} (
7... O-O 8. Bd3 e5 9. O-O {1-0 Yudasin,L-Kakageldyev,A/Biel 1993/CBM 37/
[Blatny,P] (27)}) (7... e5 8. dxe5 dxe5 9. Qd6 $6 (9. O-O-O $5) 9... Qa5 10.
Bd2 Bf8 11. Qd3 Qc7 12. Qe3 Nc5 13. a4 Ne6 14. Bd3 Nh5 $11 {0-1 Beshukov,
S-Zakharevich,I/Minsk 1998/CBM 64 ext (41)}) (7... b5 8. Bd3 (8. e5 b4 9. exf6
bxc3 10. Qxc3 $14) 8... e5 9. O-O O-O 10. dxe5 dxe5 11. Rfd1 Qe7 12. Ne2 Nb6
13. Qa5 Nfd7 14. Ng3 $14 {1/2-1/2 Johansen,D-McNab,C/London 1984/EXT 99 (46)})
8. Bd3 O-O 9. O-O e5 10. a4 {White grabs some space on the queenside and
prevents from black to carry out b7-b5.} a5 {fixing the pawn structure on the
queenside.} 11. Rfe1 Re8 12. Rad1 {White entered all his pieces to the game.
Now black has to solve the problem of developing his light-squared bishop.} b6
$146 {According to my database, this position appeared for the first time.
Black decides to develop his light-squared bishop to diagonal c8-a6. In the
previous game black tried} (12... Nf8 13. dxe5 dxe5 14. Bf1 Ne6 15. Qd6 Qxd6
16. Rxd6 Bf8 17. Rdd1 Nc5 18. Bg5 Nfd7 19. b3 Ne6 $11 {0-1 Marinsek,
T-Ibragimov,I/Ljubljana 1996/CBM 53 ext (72)}) 13. Bc4 {activating the
light-squared bishop.} Bb7 14. d5 $1 {Typical decision for this pawn structure.
After black played b7-b6, white gets a chance to occupy the d5 square.} cxd5
15. Bxd5 Nxd5 16. Nxd5 Bxd5 17. Qxd5 Nf6 {Black succeeds to get counterplay,
thanks to tactical resources.} (17... Qxc2 {is bad, in view of} 18. Rc1 Qxa4
19. Rc7 $16 {[%cal Yb2b3]}) 18. Qb3 (18. Qd3 $6 {is met by} d5) (18. Qxd6 {
doesn't promise anything special} Qxc2 $11) 18... Nxe4 ({Worse is} 18... b5 19.
axb5 Nxe4 20. Qd3 Nf6 21. b6 $16 {with following capture on d6.}) 19. Bxb6 Qb7
({Black doesn't equalize after} 19... Qc6 20. Rd5 Reb8 21. Rb5 d5 22. Rd1 Nd6
23. Qxd5 Qxd5 24. Rbxd5 Nc4 25. Bc7 Rc8 26. Bxe5 $14) 20. Rd5 $1 {transfering
the rook to the "b" file.} Ra6 21. Rb5 Qc6 {keeping the d6 pawn protected.} (
21... Qa8 22. Qd3 $1 f5 23. Nd2 $14) 22. Bxa5 Nc5 23. Qc4 Rea8 {It seems like
black is going to win the "a" pawn back and his position will be good, but
white has a surprise for him...} 24. Ng5 $1 Qd7 ({Black cannot take the bishop,
in view of} 24... Rxa5 25. Rxa5 Rxa5 26. Qxf7+ Kh8 27. b4 $16) 25. b4 Nxa4 26.
Rd5 {centralizing the rook again.} ({Deserved attention:} 26. Qd5 $5 Nc3 (26...
R6a7 27. Ne4 $16) 27. Rb7 Nxd5 28. Rxd7 Nf6 29. Rb7 $14) 26... Rc6 27. Qh4 h6
28. Ne4 Qe6 $2 {Black had to prevent white's pressure along the "d" file with
one of the following continuations:} (28... f5 29. b5 $1 (29. Nf6+ Bxf6 30.
Qxf6 Qf7 $15) 29... g5 $1 (29... Rxc2 30. Nf6+ Bxf6 31. Qxf6 $16) (29... Qf7
30. bxc6 (30. Rxd6 g5 31. bxc6 (31. Qg3 Rcc8 $17) 31... gxh4 32. c7 Kh7 33. Rd8
Rxa5 34. c8=Q fxe4 $13) 30... Qxd5 31. Nf6+ Bxf6 32. Qxf6 Qxa5 33. Qxg6+ Kh8
34. Qxh6+ Kg8 35. Rd1 $18) 30. bxc6 Qxc6 31. Rxd6 Qxd6 32. Nxd6 gxh4 $14) ({
Black should have changed white's active knight with} 28... Nc3 $1 29. Nxc3
Rxc3 30. Red1 Ra6 $14 {/=}) 29. Red1 Bf8 (29... Rxc2 30. Rxd6 Qf5 31. Nf6+ Bxf6
32. Rxf6 $16) (29... g5 30. Qg3 Bf8 31. Qb3 $16) 30. b5 $1 Be7 31. Qxh6 ({
Worse is} 31. Nf6+ Bxf6 32. Qxa4 Rc5 33. Rxd6 Qf5 34. c4 Bh4 $44) 31... Rxa5 {
[%tqu "En","Please find the best move for white.","","","h6d2","",10]} 32. Qd2
$1 {[%cal Yd2d5,Gd2a5,Gb5c6] This is the point! White attacks black's rook and
threats with the capture on c6. Maybe this move was underestimated by black,
when he played 28...Qe6.} Rc4 33. Nxd6 $6 ({Probably, stronger was} 33. Qxa5
Rxe4 34. b6 Qc8 35. Qa7 Nxb6 36. Qxb6 Rc4 $16) 33... Rc3 (33... Rd4 34. Rxd4
exd4 35. Qxa5 Nc3 36. Qa8+ Kh7 37. Nxf7 Qxf7 38. Re1 $16) 34. Ne4 Qc8 $2 {
In this complicated position black again misses better possibilities:} (34...
Rc4 35. Qxa5 Rxe4 36. Rd7 Nc5 $14) (34... Kg7 35. Nxc3 Bb4 36. Rd6 Qxd6 37.
Qxd6 Bxd6 38. Nxa4 Ba3 {with chances for a draw.}) 35. Rxe5 (35. Rd7 $18 {
strong enough as well.}) 35... Ra7 (35... Qc7 36. Rxe7 Qxe7 37. Nxc3 $18) 36.
Nxc3 Nxc3 (36... Qxc3 {loses, due to} 37. Rxe7 $1 Rxe7 38. Qd8+ $18) 37. Rde1
$18 {Now white invades with his heavy pieces into the black camp, and the
material losses are unavoidable for the second player...} Bf8 (37... Rd7 {
doesn't change too much:} 38. Qe3 Nd5 39. Rxd5 Rxd5 40. Qxe7 $18) 38. Re8 Qc5
39. Rxf8+ {White's material advantage is going to increase for three whole
pawns! Therefore, black resigned.} (39. Rxf8+ Qxf8 (39... Kxf8 40. Qh6+ Kg8 41.
Re8+ {mating.}) 40. Qxc3 $18) 1-0